| 000 | 00813nas a2200265 4500 | ||
|---|---|---|---|
| 001 | BR8202326 | ||
| 003 | BR-BrBNA | ||
| 005 | 20231205085139.0 | ||
| 007 | ta | ||
| 008 | 230509b bl.|||p| |||| 00| 00por d | ||
| 040 |
_aBR-BrBNA _bpor _cBiblioteca Nacional de Agricultura |
||
| 041 | _a(Pt) | ||
| 072 | _aL00; E70 | ||
| 100 | 1 | _aBrant, P.C. | |
| 245 | 1 | _aProducao e consumo de carne bovina em Minas Gerais. Periodo de 1977 a 1981 [Brasil] | |
| 650 | _aCARNE | ||
| 650 | _aBOVINO | ||
| 650 | _aABATE | ||
| 650 | _aABASTECIMENTO | ||
| 650 | _aCONSUMO | ||
| 650 | _aMINAS GERAIS | ||
| 773 | 0 |
_tInforme Agropecuario - Empresa de Pesquisa Agropecuaria de Minas Gerais (Brazil) _xISSN 0100-3364 _g(May 1982), v. 8(89) p. 3-9 _wBR8202326 |
|
| 909 |
_a202311 _bLúcia _c55 _dLúcia Elande |
||
| 942 |
_2AGRIS _n0 _cANA |
||
| 999 |
_c109525 _d109525 |
||